Catálogo de la Exposición conmemorativa del IV centenario del nacimiento de Miguel de Cervantes (1547-1616) (Запись № 2141865)

Подробности
000 -МАРКЕР
контрольное поле 01980nam0a22003739 4500
001 - ИДЕНТИФИКАТОР ЗАПИСИ
контрольное поле RU\NLR\b_ik\56959
005 - ИДЕНТИФИКАТОР ВЕРСИИ
контрольное поле 20260406132400.0
035 ## - ДРУГИЕ СИСТЕМНЫЕ НОМЕРА
Идентификатор записи (NLR Aleph) 002131491
100 ## - ДАННЫЕ ОБЩЕЙ ОБРАБОТКИ
Данные общей обработки 19950127d1947 |||y0rusy50 ca
101 0# - ЯЗЫК РЕСУРСА
Язык текста, звукозаписи и т.д. испанский, кастильский испанский
102 ## - СТРАНА ПУБЛИКАЦИИ ИЛИ ПРОИЗВОДСТВА
Страна публикации российская федерация
105 ## - ПОЛЕ КОДИРОВАННЫХ ДАННЫХ: ТЕКСТОВЫЕ МАТЕРИАЛЫ, МОНОГРАФИЧЕСКИЕ
Кодированные данные о монографическом текстовом документе y |||||||||
200 1# - ЗАГЛАВИЕ И СВЕДЕНИЯ ОБ ОТВЕТСТВЕННОСТИ
Основное заглавие Catálogo de la Exposición conmemorativa del IV centenario del nacimiento de Miguel de Cervantes (1547-1616)
Сведения, относящиеся к заглавию Ed. del "Quijote" de los s. XIX y XX
210 ## - ПУБЛИКАЦИЯ, РАСПРОСТРАНЕНИЕ И ДР.
Место издания, распространения и т.д. Barcelona
Имя издателя, распространителя и т. д. Casa provincial de Caridad
Дата издания, распространения и т.д. 1947
215 ## - ФИЗИЧЕСКАЯ ХАРАКТЕРИСТИКА
Специфическое обозначение материала и объем 164 c.
Размеры 23
300 ## - ОБЩИЕ ПРИМЕЧАНИЯ
Текст примечания В надзаг.: Diputación provincial de Barcelona, Bibl. centr
320 ## - ПРИМЕЧАНИЯ О НАЛИЧИИ В ДОКУМЕНТЕ БИБЛИОГРАФИИ / УКАЗАТЕЛЯ
Текст примечания Библиогр. в подстроч. примеч
541 0# - ПЕРЕВОД ЗАГЛАВИЯ, СДЕЛАННЫЙ КАТАЛОГИЗАТОРОМ
Заглавие Каталог выставки в честь юбилея 4 века со дня рождения Мигеля Сервантеса.
606 0# - НАИМЕНОВАНИЕ ТЕМЫ КАК ПРЕДМЕТ
Наименование темы Сервантес Сааведра, Мигель де, 1547-1616
Тематический подзаголовок Выставки
-- Каталоги
Код системы nlr-sh1
686 0# - ИНДЕКСЫ ДРУГИХ КЛАССИФИКАЦИЙ
Индекс Ш5(4Ис)43-4Сервантесл6
Код системы
702 #1 - ИМЯ ЛИЦА - ВТОРИЧНАЯ ОТВЕТСТВЕННОСТЬ
Графика поля Латинская
Материалы, к которым относится поле spa
Начальный элемент ввода Cervantes Saavedra
Часть имени, кроме начального элемента ввода M. de
Даты 1547-1616
Расширение инициалов личного имени Miguel de
Системный номер авторитетной/нормативной записи 153979
Идентификатор авторитетной/нормативной записи RU\NLR\AUTH\770154017
710 02 - НАИМЕНОВАНИЕ ОРГАНИЗАЦИИ - ПЕРВИЧНАЯ ОТВЕТСТВЕННОСТЬ
Материалы, к которым относится поле spa
Начальный элемент ввода Biblioteca de Cataluña
Идентифицирующий признак Barcelona
Структурное подразделение Exposición conmemorativa del IV centenario del nacimiento de Miguel de Cervantes (1547-1616)
Идентифицирующий признак 1947
Графика поля Латинская
Идентификатор авторитетной/нормативной записи RU\NLR\AUTH\8823949
Системный номер авторитетной/нормативной записи 322490
801 #0 - ИСТОЧНИК ЗАПИСИ
Страна российская федерация
Организация NLR
Дата составления 19950127
Правила каталогизации PSBO
801 #1 - ИСТОЧНИК ЗАПИСИ
Страна российская федерация
Организация NLR
Дата составления 20011024
852 ## - МЕСТОНАХОЖДЕНИЕ И ШИФР ХРАНЕНИЯ
Идентификатор организации NLR
Шифр хранения (Call Number) Л51 Г-5/2232
942 ## - ДОПОЛНИТЕЛЬНЫЕ ЭЛЕМЕНТЫ ЗАПИСИ (АБИС)
Тип экземпляра АБИС Книга
980 ## - КОЛЛЕКЦИЯ
Название коллекции Национальная библиография
Экземпляры
Тип экземпляра Дата поступления Библиотека постоянного хранения Библиотека текущего хранения Место хранения Шифр хранения Штрих-код Статус не для выдачи
Книга 26.10.2013 РНБ (Московский) РНБ (Московский) Иностранный книжный фонд Л51 Г-5/2232 2131491-10